|
|
|
|
| LEADER |
00634nam a22001931a 4500 |
| 020 |
|
|
|a 9788126306273
|c 0.00
|
| 040 |
|
|
|a SSUS - Library - Kalady
|
| 082 |
|
|
|a H301
|b GAJ/K
|
| 100 |
|
|
|a Gajanan Madhav Muktibodh
|
| 245 |
|
|
|a Kaath ka sapna
|h [Text]
|
| 260 |
|
|
|a New Delhi
|b Bharatiya Jnanpith
|c 2003
|
| 300 |
|
|
|a 128p.
|
| 600 |
|
|
|a Literature Hindi
|
| 600 |
|
|
|a Literature
|
| 600 |
|
|
|a Stories Hindi
|
| 852 |
|
|
|h H301
|i GAJ/K
|p 058556
|9 110.00
|t 0
|
| 942 |
|
|
|c BK
|
| 999 |
|
|
|c 22146
|d 22146
|
| 952 |
|
|
|0 0
|1 0
|4 0
|6 H_301_000000000000000_GAJ_K
|7 0
|9 31085
|a SSUS
|b SSUS
|d 2015-01-08
|g 110.00
|l 1
|o H301 GAJ/K
|p 058556
|r 2017-12-21
|s 2017-12-14
|v 0.00
|w 2015-01-08
|y BK
|